| 000 | 01856cam a2200313 i 4500 | ||
|---|---|---|---|
| 001 | 18082271 | ||
| 003 | SISC | ||
| 005 | 20160602154518.0 | ||
| 008 | 140326s2014 ne 000 0 eng | ||
| 010 | _a 2014006770 | ||
| 020 | _a9780128007440 | ||
| 040 |
_aDLC _beng _cDLC _erda _dDLC |
||
| 042 | _apcc | ||
| 050 | 0 | 0 |
_aQA 76.9.A25 _b.An545 2014 |
| 082 | 0 | 0 | _a005.8 |
| 100 | 1 | _aAndress, Jason. | |
| 245 | 1 | 4 |
_aThe basics of information security : _bunderstanding the fundamentals of InfoSec in theory and practice / _cJason Andress, Steven Winterfeld, technical editor. |
| 250 | _a2nd edition. | ||
| 260 |
_aAmsterdam : _bElsevier, _c2014. |
||
| 300 |
_axxi, 217 pages ; _c24 cm. |
||
| 500 | _aIncludes index. | ||
| 520 | _a"The Basics of Information Security will provide the reader with a basic knowledge of information security in both theoretical and practical aspects. We will first cover the basic knowledge needed to understand the key concepts of information security, discussing many of the concepts that underpin the security world. We will then dive into practical applications of these ideas in the areas of operations, physical, network, operating system, and application security. Book Audience This book will provide a valuable resource to beginning security professionals, as well as to network and systems administrators. The information provided on can be used develop a better understanding on how we protect our information assets and defend against attacks, as well as how to apply these concepts practically"-- | ||
| 650 | 0 | _aComputer security. | |
| 650 | 0 |
_aComputer networks _xSecurity measures. |
|
| 650 | 0 | _aInformation resources management. | |
| 906 |
_a7 _bcbc _corignew _d1 _eecip _f20 _gy-gencatlg |
||
| 942 |
_2lcc _cBK |
||
| 999 |
_c295583 _d295583 |
||